1053 1715 1185 1445 1632 1741 1259 1777 1391 1077 1343 1551 1475 1575 1226 1697 1097 1752 1083 1761 1322 1251 1693 1273 1742 1699 1491 1797 1887 1256 1029 1392 1364 1409 1340 1162 1672 1243 1442 1449 1868 1268 1398 1326 1435 1396 1535 1592 1932 1346 1171 1935 1922 1207 1695 1547 1804 1923 1879 1486 1830 1780 1671 1263 1373 1875 1117 1388 1987 1403 1252 1245 1765 1257 1415 1958 1626 1610 1109 1899 1483 1027 1582 1640 1011 1250 1994 1320 1663 1401 1321 1323 1096 1243 1807 1688 1915 1891 1131 BCNSPRNW ULIB Ver.6.0+V

เปลี่ยนเป็นภาษาไทย

Change to English
 แสดงรายละเอียดบรรณานุกรม
  กลับหน้าหลัก

Brief Record : Get Marc (ISO 2709) : E-mail record : QR code < ปิดหน้าต่าง
LEADER : 00000nam 2200000uu 4500
001    13399127416
003     ULIB
008    200520s2562||||th 000 0 tha d
020 ^  ^a9786160035779
050 ^  ^aนว^bณ429ณ
100 0  ^aณารา.
245 ^  ^aณ ปลายรุ้งฉันจะรอเธอ =^bOver the rainbow /^cณารา.
246 3  ^aOver the rainbow
250 ^  ^aพิมพ์ครั้งที่ 1.
260 ^  ^aกรุงเทพฯ :^bพิมพ์คำ,^c2562.
300 ^  ^a552 หน้า ;^c21 ซม.
945    ^p380^l0^i007090
999    ^aประนอม เกษจรัล
รายการนี้ยังไม่มีแท็ก
คุณยังไม่ได้ล็อกอิน คุณสามารถมีกิจกรรมร่วมกับเว็บไซต์ได้ แต่ต้องล็อกอินก่อน ::
  ล็อกอิน

รายการสื่อสารสนเทศ

ลำดับที่ ประเภท เลขเรียก/บาร์โค้ด สถานที่ สถานะ
1. นวนิยาย
นวนิยาย
นว ณ429ณ ฉ.1 
  Barcode: 007090
ห้องสมุดวิทยาเขตสวรรค์ประชารักษ์
►หนังสือทั่วไป
บนชั้น

รายการใกล้เคียง
    ผู้แต่ง [ณารา.]

BibComment


ยังไม่เคยถูกคอมเมนท์

คอมเมนท์ทรัพยากรรายการนี้
  คอมเมนท์: ณ ปลายรุ้งฉันจะร..


 Copyright 2026. Bcnsprnw @Library